Newcastle United Players 2022-23 - Statistics

General Stats
  • This quiz has been taken 23 times
  • The average score is 23 of 35
Answer Stats
Name % Correct
Callum Wilson
100%
Joelinton
92%
Joe Willock
92%
Kieran Trippier
92%
Martin Dúbravka
92%
Matty Longstaff
92%
Nick Pope
92%
Sean Longstaff
92%
Sven Botman
92%
Allan Saint-Maximin
85%
Bruno Guimarães
85%
Alexander Isak
77%
Dan Burn
77%
Fabian Schär
77%
Jamaal Lascelles
77%
Jonjo Shelvey
77%
Karl Darlow
77%
Javier Manquillo
69%
Miguel Almirón
69%
Jacob Murphy
62%
Jamal Lewis
62%
Loris Karius
62%
Emil Krafth
54%
Matt Ritchie
54%
Matt Targett
54%
Paul Dummett
54%
Chris Wood
46%
Elliot Anderson
46%
Isaac Hayden
46%
Mark Gillespie
46%
Ryan Fraser
46%
Ciaran Clark
23%
Jeff Hendrick
23%
Kelland Watts
23%
Dan Langley
8%
No matching quizzes found
Score Distribution
Percent of People with Each Score
Percentile by Number Answered
Your Score History
You have not taken this quiz